|
|
|
|
| LEADER |
01190nam a2200337 a 4500 |
| 001 |
EBC419983 |
| 003 |
MiAaPQ |
| 005 |
20200520144314.0 |
| 006 |
m o d | |
| 007 |
cr cn||||||||| |
| 008 |
091013s2006 ne sb 000 0 dut d |
| 020 |
|
|
|z 9789056294151
|
| 020 |
|
|
|z 9789048507382
|
| 020 |
|
|
|z 9056294156
|
| 035 |
|
|
|a (MiAaPQ)EBC419983
|
| 035 |
|
|
|a (Au-PeEL)EBL419983
|
| 035 |
|
|
|a (CaPaEBR)ebr10302346
|
| 035 |
|
|
|a (CaONFJC)MIL198577
|
| 035 |
|
|
|a (OCoLC)437106869
|
| 040 |
|
|
|a MiAaPQ
|c MiAaPQ
|d MiAaPQ
|
| 050 |
|
4 |
|a HN25
|b .S67 2006
|
| 100 |
1 |
|
|a Sprangers, Mirjam A. G.
|
| 245 |
1 |
0 |
|a Van zacht begrip naar hard getal
|h [electronic resource] /
|c Mirjam A.G. Sprangers.
|
| 260 |
|
|
|a Amsterdam :
|b Vossiuspers UvA,
|c 2006.
|
| 300 |
|
|
|a 27 p.
|
| 504 |
|
|
|a Includes bibliographical references (p. 25-27).
|
| 533 |
|
|
|a Electronic reproduction. Ann Arbor, MI : ProQuest, 2015. Available via World Wide Web. Access may be limited to ProQuest affiliated libraries.
|
| 650 |
|
0 |
|a Quality of life
|x Research.
|
| 655 |
|
4 |
|a Electronic books.
|
| 710 |
2 |
|
|a ProQuest (Firm)
|
| 856 |
4 |
0 |
|u https://ebookcentral.proquest.com/lib/matrademy/detail.action?docID=419983
|z Click to View
|